<?xml version="1.0" encoding="UTF-8"?>
<record
    xmlns:xsi="http://www.w3.org/2001/XMLSchema-instance"
    xsi:schemaLocation="http://www.loc.gov/MARC21/slim http://www.loc.gov/standards/marcxml/schema/MARC21slim.xsd"
    xmlns="http://www.loc.gov/MARC21/slim">

  <leader>02184nam a2200301Ia 4500</leader>
  <controlfield tag="001">70025</controlfield>
  <controlfield tag="003">IT-RoPAU</controlfield>
  <controlfield tag="008">130308s9999    xx            000 0 und d</controlfield>
  <datafield tag="040" ind1=" " ind2=" ">
    <subfield code="a">IT-RoPAU</subfield>
  </datafield>
  <datafield tag="040" ind1=" " ind2=" ">
    <subfield code="c">IT-RoPAU</subfield>
  </datafield>
  <datafield tag="041" ind1=" " ind2=" ">
    <subfield code="a">ITALIANO</subfield>
  </datafield>
  <datafield tag="100" ind1=" " ind2=" ">
    <subfield code="a">Benevolo Giampiero</subfield>
  </datafield>
  <datafield tag="100" ind1=" " ind2=" ">
    <subfield code="g">Codice Aut. SPICS: 24034</subfield>
  </datafield>
  <datafield tag="245" ind1=" " ind2=" ">
    <subfield code="a">Manuale delle stampanti laser. Lo stato dell'arte  della stampa elettronica</subfield>
  </datafield>
  <datafield tag="245" ind1=" " ind2=" ">
    <subfield code="b">Manuale delle Stampanti Laser. Lo Stato dell'arte  della Stampa Elettronica</subfield>
  </datafield>
  <datafield tag="250" ind1=" " ind2=" ">
    <subfield code="a">1a ed.</subfield>
  </datafield>
  <datafield tag="260" ind1=" " ind2=" ">
    <subfield code="a">MILANO</subfield>
  </datafield>
  <datafield tag="260" ind1=" " ind2=" ">
    <subfield code="b">Jackson</subfield>
  </datafield>
  <datafield tag="260" ind1=" " ind2=" ">
    <subfield code="c">1988 [1&#xB0; Ed.:1988 - Ed.Ling.Originale:1988]</subfield>
  </datafield>
  <datafield tag="300" ind1=" " ind2=" ">
    <subfield code="a">"226 p. (prefazione: no ; testo: 226 [pagine: 0-0])"</subfield>
  </datafield>
  <datafield tag="500" ind1=" " ind2=" ">
    <subfield code="a">Stato dell'arte  della Stampa Elettronica Nascita Sviluppo e Applicazioni Industriali dei sistemi di Stampa Elettronica a Laser Nascita e Sviluppo dei sistemi di Stampa Elettronica a Laser:Xeronic Stampanti Elettroniche della Prima Generazione Stampanti Laser della seconda Generazione della Terza Generazione e per ufficio della Quarta Generazione gestione dell'informazione e Funzionalit&#xE0; dei sistemi di Electronic Printing:Documento Elettronico e Documento Fisico Processo Tradizionale e Processo Elettronico Sistema di Stampa Unit&#xE0; Periferiche Analisi per Ambiente di Utilizzo:Edp Centralizzatoambiente ufficio e Misto mercato produttori e Prodotti:Segmentazione e Crescita del mercato Esigenze e utilizzo del Mondo Edp Esigenze e Utilizzi nel Mondo della Stampa e dell'Ufficio Fornitori prodotti e Loro Caratteristichesoftware:Classificazione sistemi Operativi e Loro Utilit&#xE0; Linguaggi di Programmazione del Sistama software di Composizione software Grafico software di Telecomunicazione Utilizzi e Testimonials:Utilizzi per settore merceologico e Funzione Aziendale settore Bancario e Assicurativo settore Distributivo Area produttiva Enti e Servizi pubblici Ambiente commerciale Electronicpublishing Applicazioni Fondamentali Editoria Non Integrata e Non Integrata di Testi grafica e foto Schede Tecniche dei Prodotti</subfield>
  </datafield>
  <datafield tag="650" ind1=" " ind2=" ">
    <subfield code="a">TECNICA DELL'INFORMATICA</subfield>
  </datafield>
  <datafield tag="650" ind1=" " ind2=" ">
    <subfield code="e">Codice materia Spics: 4202</subfield>
  </datafield>
  <datafield tag="942" ind1=" " ind2=" ">
    <subfield code="c">BK</subfield>
  </datafield>
  <datafield tag="957" ind1=" " ind2=" ">
    <subfield code="7">1</subfield>
  </datafield>
  <datafield tag="999" ind1=" " ind2=" ">
    <subfield code="c">68132</subfield>
    <subfield code="d">68132</subfield>
  </datafield>
  <datafield tag="999" ind1=" " ind2=" ">
    <subfield code="b">SI</subfield>
  </datafield>
  <datafield tag="999" ind1=" " ind2=" ">
    <subfield code="g">1</subfield>
  </datafield>
  <datafield tag="952" ind1=" " ind2=" ">
    <subfield code="0">0</subfield>
    <subfield code="1">0</subfield>
    <subfield code="4">0</subfield>
    <subfield code="6">70025_000000000000000</subfield>
    <subfield code="7">1</subfield>
    <subfield code="a">SPICS</subfield>
    <subfield code="b">SPICS</subfield>
    <subfield code="d">2013-03-08</subfield>
    <subfield code="l">0</subfield>
    <subfield code="o">70025</subfield>
    <subfield code="r">2013-03-08 00:00:00</subfield>
    <subfield code="w">2013-03-08</subfield>
    <subfield code="y">BK</subfield>
    <subfield code="z">Progressivo inserimento:  18889 /  N. Volumi: 1 Copie: 1 Copia Rara: SI / data import: 1 marzo 2013 - By Epidotti, Trombetti, Vaglietti. </subfield>
  </datafield>
</record>
